Curious proverbs & sayings = Học tiếng Anh qua những tục ngữ và danh ngôn độc đáo

Sách cung cấp vốn kiến thức hữu ích về Anh văn thông qua cách tìm hiểu những câu tục ngữ và danh ngôn độc đáo về: Hạnh phúc, tình yêu, tình mẫu tử và huynh đệ, tình bạn, tiền, sức khoẻ, sắc đẹp và phụ nữ, tài năng, giáo dục, thành công...

وصف كامل

محفوظ في:
التفاصيل البيبلوغرافية
التنسيق: كتاب
اللغة:Undetermined
منشور في: Thành phố Hồ Chí Minh Tổng hợp thành phố Hồ Chí Minh 2003
الموضوعات:
الوسوم: إضافة وسم
لا توجد وسوم, كن أول من يضع وسما على هذه التسجيلة!
Thư viện lưu trữ: Trung tâm Học liệu Trường Đại học Cần Thơ
LEADER 01151nam a2200205Ia 4500
001 CTU_169905
008 210402s9999 xx 000 0 und d
020 |c 12000 
082 |a 398.921 
082 |b C975 
245 0 |a Curious proverbs & sayings = 
245 0 |b Học tiếng Anh qua những tục ngữ và danh ngôn độc đáo 
245 0 |c Đặng Ngọc Dũng Tiến 
260 |a Thành phố Hồ Chí Minh 
260 |b Tổng hợp thành phố Hồ Chí Minh 
260 |c 2003 
520 |a Sách cung cấp vốn kiến thức hữu ích về Anh văn thông qua cách tìm hiểu những câu tục ngữ và danh ngôn độc đáo về: Hạnh phúc, tình yêu, tình mẫu tử và huynh đệ, tình bạn, tiền, sức khoẻ, sắc đẹp và phụ nữ, tài năng, giáo dục, thành công và thất bại, kiên nhẫn, hành xử, lòng trung thực. 
650 |a English language,Ngôn ngữ tiếng Anh,Proverbs,Châm ngôn 
904 |i NThơ 
980 |a Trung tâm Học liệu Trường Đại học Cần Thơ